| 000 | 01230nam0a22002891 4500 | ||
|---|---|---|---|
| 001 | v19\rc\1640170 | ||
| 005 | 20260407103816.0 | ||
| 035 | _a(NLR Aleph) 004832677 | ||
| 090 |
_a4738549 _c4738549 |
||
| 100 | _a20061002d1900 |||y0rusy50 ca | ||
| 101 | 0 | _arus | |
| 102 | _aRU | ||
| 105 | _ay z ||||| | ||
| 200 | 1 |
_a[Устав Общества российских хирургов _aПрограмма занятий Съезда _aСписок членов Съезда] _fПервый Съезд рос. хирургов. Москва, 28-30 дек. 1900 г. |
|
| 210 |
_aМосква _d1900 |
||
| 215 |
_a[2], 25 с. _d17 |
||
| 540 | 1 | _aУстав Общества российских хирургов | |
| 604 |
_150010$aУстав... _171002$aОбщество российских хирургов$cМосква _tУстав... _aОбщество российских хирургов (Москва) |
||
| 711 | 1 | 2 |
_aСъезд российских хирургов _d1 _f1900 _eМосква _3RU\NLR\AUTH\8810059126 _9619519 |
| 801 | 0 |
_aRU _bNLR _gpsbo |
|
| 801 | 0 |
_aRU _bRuMoRGB _2psbo |
|
| 801 | 1 |
_aRU _bProSoft-M _2rusmarc |
|
| 852 |
_aNLR _j18.331.3.340 |
||
| 899 | _aБАН | ||
| 942 | _cBOOK | ||
| 980 | _aNB | ||